<?xml version="1.0" encoding="UTF-8"?><?xml-stylesheet type="text/xsl" href="static/style.xsl"?><OAI-PMH xmlns="http://www.openarchives.org/OAI/2.0/" xmlns:xsi="http://www.w3.org/2001/XMLSchema-instance" xsi:schemaLocation="http://www.openarchives.org/OAI/2.0/ http://www.openarchives.org/OAI/2.0/OAI-PMH.xsd"><responseDate>2026-04-30T05:20:29Z</responseDate><request verb="GetRecord" identifier="oai:uvadoc.uva.es:10324/27672" metadataPrefix="marc">https://uvadoc.uva.es/oai/request</request><GetRecord><record><header><identifier>oai:uvadoc.uva.es:10324/27672</identifier><datestamp>2025-09-01T07:38:34Z</datestamp><setSpec>com_10324_38</setSpec><setSpec>col_10324_852</setSpec></header><metadata><record xmlns="http://www.loc.gov/MARC21/slim" xmlns:doc="http://www.lyncode.com/xoai" xmlns:xsi="http://www.w3.org/2001/XMLSchema-instance" xmlns:dcterms="http://purl.org/dc/terms/" xsi:schemaLocation="http://www.loc.gov/MARC21/slim http://www.loc.gov/standards/marcxml/schema/MARC21slim.xsd">
<leader>00925njm 22002777a 4500</leader>
<datafield tag="042" ind1=" " ind2=" ">
<subfield code="a">dc</subfield>
</datafield>
<datafield tag="720" ind1=" " ind2=" ">
<subfield code="a">Carbajo Pérez, Clara</subfield>
<subfield code="e">author</subfield>
</datafield>
<datafield tag="260" ind1=" " ind2=" ">
<subfield code="c">2017</subfield>
</datafield>
<datafield tag="520" ind1=" " ind2=" ">
<subfield code="a">El artículo 468 de la nueva Ley de Navegación Marítima (LNM) regula la validez formal de aquellas cláusulas de jurisdicción y arbitraje que prevean la sumisión de las partes a una jurisdicción extranjera o a un arbitraje en el extranjero. La norma en cuestión impone la negociación individual y separada de ambas cláusulas como requisito de validez. Si el tribunal designado por una de estas cláusulas es el de un Estado miembro de la Unión Europea, las condiciones de incorporación de aquella al contrato no vienen determinadas por la ley española, sino por el Reglamento de Bruselas I bis. Por el contrario, si se designa un tribunal de un tercer Estado, el art. 468 sí despliega sus efectos, generando con ello un escenario procesal complejo.</subfield>
</datafield>
<datafield tag="024" ind2=" " ind1="8">
<subfield code="a">http://uvadoc.uva.es/handle/10324/27672</subfield>
</datafield>
<datafield tag="245" ind1="0" ind2="0">
<subfield code="a">Las especialidades de jurisdicción y competencia en el Derecho internacional privado de la navegación marítima</subfield>
</datafield>
</record></metadata></record></GetRecord></OAI-PMH>